00443nam a22001577a 4500020001800000082001700018100002700035245002700062250000900089260002300098300000800121650002900129942000700158952010300165999001700268 a9788172149734 a261.8362 RAO aRao, Chilkuri Vasantha aLet the Mother Bird Go a2007 aDelhibISPCKc2007 a112 aEcology and christianity cBK 00104070aHMIbHMIcGENd2015-11-24g0.00l0o261.8362 RAOp11003360r2026-01-16w2026-01-16yBK c19877d19877